| 000 | 01119cam a2200361 a 4500 | ||
|---|---|---|---|
| 001 | 13768152 | ||
| 003 | OSt | ||
| 005 | 20140310184246.0 | ||
| 008 | 041101s2005 nyu c 000 1 eng | ||
| 010 | _a 2004025975 | ||
| 020 | _a9780439928755 | ||
| 020 | _a0439928753 | ||
| 040 |
_aDLC _cDLC _dDLC |
||
| 042 | _alcac | ||
| 050 | 0 | 0 |
_aPZ 7 _b.K56475Lk 2005 |
| 100 | 1 |
_aKimmel, Elizabeth Cody. _925261 |
|
| 245 | 1 | 0 |
_aLily B. on the brink of love / _cElizabeth Cody Kimmel. |
| 250 | _a1st ed. | ||
| 260 |
_aNew York, N.Y. : _bScholastics _cc2005. |
||
| 300 |
_a184 p. ; _c22 cm. |
||
| 521 | 1 | _aG5 | |
| 526 | _c770 | ||
| 650 | 1 |
_aAuthorship _vFiction. _926771 |
|
| 650 | 1 |
_aInterpersonal relations _vFiction. _926772 |
|
| 650 | 1 |
_aSelf-acceptance _vFiction. _926773 |
|
| 650 | 1 |
_aMiddle schools _vFiction. _926774 |
|
| 650 | 1 |
_aSchools _vFiction. _926775 |
|
| 906 |
_a7 _bcbc _corignew _d1 _eecip _f20 _gy-gencatlg |
||
| 942 |
_2lcc _cBK-SCHOLAS |
||
| 999 |
_c33326 _d33326 |
||